000 00314nam a22001337a 4500
008 171005b xxu||||| |||| 00| 0 eng d
020 _a0803682115
041 _aeng
080 _22ND
_a159.9
100 _a49
101 _aPSI
245 _aTHEMENTAL STATUS EXAMINATION IN NEUROLOGY
_cSTRUB,R.L
942 _2udc
_cBK
999 _c32133
_d32133